LEADER 01615nam a2200277 i 4500 001 000000256446 003 CaOOAMICUS 005 20190325091811.0 008 171127s1759 it u000 u ita u 013 $a235354 026 $ahere o.mo o.li muSe (3) 1759 (R) 040 $aSeMil$bita 100 1 $aChapt de Rastignac, Armand : de,$c .$0(OLS)http://semarc/name/29970 245 10$aInstruzioni pastorali e mandamento di monsignor di Rastignac ... sopra la penitenza, la comunione, e la giustizia cristiana. Altre tradotte per la prima volta dal francese, altre rivedute, ed emendate sul testo originale. 260 $aIn Brescia :$bPresso Giammaria Rizzardi,$c1759. 300 $aXVI, 544 p. ;$c8°. 500 $aFregio xilogr. sul front. - Iniz., fregi xilogr. - Segn.: *8 A-2L8. - Lascito Card. C.M. Martini. 650 4$aVescovi francesi - Lettere pastorali, Insegnamenti [etc.] - Sec. 16.-19.$0(OLS)http://semarc/subject/824 700 1 $aRizzardi, Giammaria,$c.$0(OLS)http://semarc/name/12521 850 $aSeMil 852 $aSeMil$W1$xVenegono$y1$m3A II 86 FA$j206792$B206792$CSeMilBibl$Z2$F220195 $8I 941 1 $a4 961 $aLascito: Martini Card. Carlo Maria 996 $6245$aInstruzioni pastorali e mandamento di monsignor di Rastignac ... sopra la penitenza, la comunione, e la giustizia cristiana. Altre tradotte per la prima volta dal francese, altre rivedute, ed emendate sul testo originale$9(OLS)http://semarc/title/412256 996 $6260$aIn Brescia :$bPresso Giammaria Rizzardi$9(OLS)http://semarc/publisher/53441 LEADER 01276nam a2200301 i 4500 001 000000189437 003 CaOOAMICUS 005 20150209000000.0 008 150209s1964 it u000 u ita u 013 $a167710 040 $aSeMil$bita 100 1 $aRosmini, Antonio,$c.$0(OLS)http://semarc/name/405 245 10$aSpiritualitą rosminiana /$ca cura di Remo Bessero Belti. 260 $aMilano :$bPaoline,$c1964. 300 $a759 p., [8] c. di tav. :$bill. ;$c19 cm. 490 0 $aSit pax et veritas in diebus meis (IV Re 20,19) ;$v15 500 $aFondo card. Giovanni Colombo. 650 4$aRosmini Serbati, Antonio - Spiritualitą.$0(OLS)http://semarc/subject/21635 700 1 $aBessero Belti, Remo.$0(OLS)http://semarc/name/9675 830 0$aSit pax et veritas in diebus meis (IV Re 20,19) ;$v15.$0(OLS)http://semarc/title/253 850 $aSeMil 852 $aSeMil$W1$xVenegono$y1$m3GC VI 224$j140068$B140068$CSeMilBibl$Z2$F151668 $8B 900 1 $aRosmini Serbati, Antonio. 941 1 $a3 961 $aLascito: Colombo Card. Giovanni 996 $6245$aSpiritualitą rosminiana$9(OLS)http://semarc/title/272742 996 $6260$aMilano :$bPaoline$9(OLS)http://semarc/publisher/29684